Use of Cryptocurrencies in Business Processes and Logistics

Kryptomeny a technológie blockchain využívané v reálnom živote pre zefektívnenie podnikových procesov, operácií a logistiky. Blockchainové siete. LTO network. Fantom.

Enregistré dans:
Détails bibliographiques
Auteur principal: Badura, Peter, 1978-
Autres auteurs: Kalusová, Lenka, 1987-
Format: Chapitre de livre
Langue:slovaque
Sujets:
Tags: Ajouter un tag
Pas de tags, Soyez le premier à ajouter un tag!

MARC

LEADER 00000naa$a2200000$$$4500
001 0270021
005 20240521100352.1
041 0 |a slo 
044 |a PL 
245 1 0 |a Use of Cryptocurrencies in Business Processes and Logistics  |c Peter Badura, Lenka Kalusová 
520 |a Kryptomeny a technológie blockchain využívané v reálnom živote pre zefektívnenie podnikových procesov, operácií a logistiky. Blockchainové siete. LTO network. Fantom. 
610 2 0 |a mena virtuálna 
610 2 0 |a procesy podnikové 
610 2 0 |a logistika 
610 2 0 |a inovácia 
100 1 |a Badura, Peter, 1978- 
700 1 |a Kalusová, Lenka, 1987-